LEADER 01070nam a2200289 i 4500 001 000000148902 003 CaOOAMICUS 005 20060320000000.0 008 060320s1980 it u000 u ita u 013 $a126220 020 $a88-05-03573-4 040 $aSeMil$bita 100 1 $aSorgi, Claudio.$0(OLS)http://semarc/name/20573 245 10$aFaccia da prete /$cClaudio Sorgi. 250 $a7. ed. 260 $aTorino :$bSEI,$c1980 (copyr. 1978) 300 $a183 p. ;$c22 cm. 490 0 $aDossiers SEI [SEI] 500 $aContiene : Appendice : La leggenda del monaco Epifanio. 650 4$aSacerdozio - Spiritualitą.$0(OLS)http://semarc/subject/2395 830 0$aDossiers SEI [SEI].$0(OLS)http://semarc/title/11852 850 $aSeMil 852 $aSeMil$W1$xVenegono$y1$m3E III 229$j101239$B101239$CSeMilBibl$Z2$F109960 $81 961 $aOmaggio: Altro 996 $6020$a88-05-03573-4$9(OLS)http://semarc/number/137901 996 $6245$aFaccia da prete$9(OLS)http://semarc/title/217661 996 $6260$aTorino :$bSEI$9(OLS)http://semarc/publisher/29848 LEADER 00610naa a2200157 i 4500 001 000000317903 003 CaOOAMICUS 005 20180831173237.0 008 180831n it u000 u ita u 013 $a27164 040 $aSeMil$bita 100 1 $aChenu, Marie-Dominique,$c.$0(OLS)http://semarc/name/89099 245 10$aLeggere i segni dei tempi. 650 4$aSegni dei tempi.$0(OLS)http://semarc/subject/19806 773 0 $tLaici sulle vie del Concilio.$dAssisi : Cittadella, stampa 1966.$kSulle vie del concilio$gp.246-254$w()46233 996 $6245$aLeggere i segni dei tempi$9(OLS)http://semarc/title/391820